کتا ب الا برا ل (Record no. 109605)

MARC details
000 -LEADER
fixed length control field 00927nam a22002537a 4500
005 - DATE AND TIME OF LATEST TRANSACTION
control field 20170123162356.0
010 ## - LIBRARY OF CONGRESS CONTROL NUMBER
LC control number A-842584
020 ## - INTERNATIONAL STANDARD BOOK NUMBER
Terms of availability 9.00
035 ## - SYSTEM CONTROL NUMBER
System control number A-842584
037 ## - SOURCE OF ACQUISITION
Source of stock number/acquisition Cen Lib/Ret
040 ## - CATALOGING SOURCE
Original cataloging agency DPL
Language of cataloging UR
082 ## - DEWEY DECIMAL CLASSIFICATION NUMBER
Classification number 615.54
Item number ی ب و
100 ## - MAIN ENTRY--PERSONAL NAME
Personal name ابو بکر محمد بن زکريا رمزي
9 (RLIN) 143375
245 ## - TITLE STATEMENT
Title کتا ب الا برا ل
Statement of responsibility, etc ابو بکر محمد بن زکريا رمزي
246 ## - VARYING FORM OF TITLE
Title proper/short title Kita-e-- Alaral/
Remainder of title by Abu Bakar Mohd bin Zakria razi
260 ## - PUBLICATION, DISTRIBUTION, ETC. (IMPRINT)
Place of publication, distribution, etc نیی دہلی
Name of publisher, distributor, etc سنٹرل کونسل فار ريسرچ ان يونانی ويڑيسن
Date of publication, distribution, etc 1984
270 ## - ADDRESS
City نیی دہلی
Address 5، پنچ شيل شا پنگ سنٹر
Postal code 110017
300 ## - PHYSICAL DESCRIPTION
Extent 95ص
Dimensions 19cm(Hb)
650 ## - SUBJECT ADDED ENTRY--TOPICAL TERM
Topical term or geographic name as entry element ادب -- اردو
9 (RLIN) 143376
650 ## - SUBJECT ADDED ENTRY--TOPICAL TERM
Topical term or geographic name as entry element اردو سونے عمری
9 (RLIN) 108484
650 ## - SUBJECT ADDED ENTRY--TOPICAL TERM
Topical term or geographic name as entry element Literature -- Urdu
9 (RLIN) 143377
650 ## - SUBJECT ADDED ENTRY--TOPICAL TERM
Topical term or geographic name as entry element Urdu biography
9 (RLIN) 511
942 ## - ADDED ENTRY ELEMENTS (KOHA)
Source of classification or shelving scheme Dewey Decimal Classification
Koha item type Urdu Bks
Classification part 615۔54
Call number suffix ا ت و
Holdings
Withdrawn status Lost status Damaged status Not for loan Home library Current library Date acquired Source of acquisition Total Checkouts Full call number Barcode Date last seen Price effective from Koha item type
        Central Library Central Library 12/04/2016 DPL   615.54 ی ب و A-842584 12/04/2016 12/04/2016 Urdu Bks

© Delhi Public Library
Hit Counter
free hit counter